| 000 | 00518nam a2200181 i 4500 | ||
|---|---|---|---|
| 001 | 43556 | ||
| 003 | ES-MaACL | ||
| 005 | 20240207063016.0 | ||
| 007 | t| | ||
| 008 | 030318s1955 sp ||||1| spa d | ||
| 080 | _a821.134.2-31"19" | ||
| 100 | 1 |
_aCastroviejo, José María, _d1909-1983 _936993 |
|
| 245 | 1 | 3 |
_aLa burla negra / _cJosé María Castroviejo. |
| 260 |
_aMadrid : _bPrensa Española, _c1955. |
||
| 300 |
_a257 p. ; _c22 cm. |
||
| 852 |
_aES-MaACL _jC-10324 _bR.37958 |
||
| 999 |
_c43556 _d43556 |
||